5 największych wysp w archipelagu Svalbard - Statystyki

Ogólne statystyki
  • Ten quiz został rozwiązany 13 razy
  • Średni wynik to 3 z 5
Statystyki odpowiedzi
Powierzchnia w km2 Odpowiedź % Poprawnych
39 044 Spitsbergen
100%
14 443 Ziemia Północno-Wschodnia
64%
710 Wyspa Biała
55%
5 074 Wyspa Edge’a
36%
1 288 Wyspa Barentsa
27%
Nie znaleziono quizów pasujących do podanych kryteriów
Rozkład punktacji
Procent ludzi z każdym wynikiem
Percentyl według liczby udzielonych odpowiedzi
Twoja historia wyników
Nie rozwiązałeś tego quizu